000 00738nam a2200217 i 4500
001 47265
003 ES-MaACL
005 20240207063017.0
007 t|
008 030404s1968 sp ||||1| spa d
080 _a75 Picasso, Pablo
100 1 _aPicasso, Pablo,
_d1881-1973
_991794
245 1 0 _aPicasso
_b: teatro /
_ctexto de Douglas Cooper ; [traducción de Ana María Torra de Gili y M. Lourdes Torra Amat].
260 _aBarcelona :
_bGustavo Gili,
_c[1968]
300 _a360 p., 118 lám. :
_bil. ;
_c30 cm.
700 1 _aTorra de Gili, Ana María.
_9110705
700 1 _aTorra Amat, M. Lourdes.
_9110703
700 0 _aCooper, Douglas.
_940385
852 _aES-MaACL
_jC-56932
_bR.67366
999 _c47265
_d47265